| 000 | 00611nam a22002057a 4500 | ||
|---|---|---|---|
| 999 |
_c20954 _d20954 |
||
| 003 | OSt | ||
| 005 | 20210325103552.0 | ||
| 008 | 170121b xxu||||| |||| 00| 0 eng d | ||
| 020 | _a0134167619 | ||
| 040 |
_aMMU _beng. _cMMU _dMMU |
||
| 050 | _aCB245.W455 2017 | ||
| 100 | _aLevack Brian. | ||
| 245 |
_aThe West: _bEncounters Transformations/ _cBrian Levack...[et al.]. |
||
| 250 | _a5th ed. | ||
| 260 |
_aNew York: _bPearson Publishers, _c2017. |
||
| 300 |
_axviii,896 p. : _bill. ; |
||
| 500 | _aincludes bibliographical references and index | ||
| 650 | _aTransformations. | ||
| 942 |
_2lcc _cLOAN LOAN _e5th ed. |
||